000 01446nam0a2200301 4500
001 RU\NLR\bibl\443442
005 20260409063425.0
010 _a5-9533-0081-6
_910000
021 _aRU
_b2003-46671
_92244
035 _a(NLR Aleph) 000437150
090 _a791057
_c791057
100 _a20031006d2003 |||y0rusy50 ca
101 0 _arus
102 _aRU
105 _ay |||||||||
200 1 _aГражданский процессуальный кодекс Российской Федерации
_eОфиц. текст
_eВвед. в действие 1 февр. 2003 г.
210 _aМ.
_cВече
_d2003
215 _a254, [1] с.
_d20
604 _171001$aРоссийская Федерация
_150011$aГражданский процессуальный кодекс$2nlr_sh2$3RU\NLR\AUTH\661262192
_aРоссийская Федерация
_tГражданский процессуальный кодекс
_92086065
_3RU\NLR\AUTH\661262192
606 0 _aГражданский процессуальный кодекс
_yРоссийская Федерация
_92075486
_3RU\NLR\auth\661250561
686 _aХ629.2-324.9(2Р)
740 1 _aРоссийская Федерация
_tЗаконы
_iГражданский процессуальный кодекс
_3RU\NLR\AUTH\880379477
_9425338
801 0 _aRU
_bNLR
_c20031006
_gPSBO
801 1 _aRU
_bNLR
_c20031006
942 _cBOOK
980 _aNB